000 00546nam a22001337a 4500
008 221004b |||||||| |||| 00| 0 eng d
020 _a9789998080829
082 _a495.45 RIN
100 _aRinzin, Tshewang
245 _aལེགས་བཤད་ལྗོན་དབང་གི་རྣམ་བཤད་སྨན་ལྗོངས་བློ་གསར་སྒྲོན་མེ་ཞེས་བྱ་བ་བཞུགས་སོ།
260 _aThimphu :
_bRoyal Monastic body,
_c2022.
300 _axiv, 145 p.
_c24 cm.
942 _2ddc
999 _c9157
_d9158